| 000 | 01048 a2200253 4500 | ||
|---|---|---|---|
| 001 | 118374 | ||
| 020 | _a9780544704527 | ||
| 020 | _qhardcover | ||
| 041 | _aeng | ||
| 082 | _a[E] | ||
| 100 | _aClark-Robinson, Monica | ||
| 500 | _aIB Program. Uso restrito aos professores. | ||
| 520 | _aIn 1963 Birmingham, Alabama, thousands of African American children volunteered to march for their rights after hearing Dr. Martin Luther King Jr. speak. They protested the laws that kept black people separate from white people. Facing fear, hate, and danger, these children used their voices to change the world. | ||
| 697 | _aCivil rights - United States - History | ||
| 697 | _aHistorical fiction | ||
| 856 | _u000030/00003021.jpg | ||
| 040 |
_aBR-BrIDEA _cBR-BrIDEA |
||
| 090 |
_aIB Year 3 [E] _bCLA |
||
| 245 | 1 | 0 |
_aLet the children march _cMonica Clark-Robinson ; Illustrated by Frank Morrison . |
| 260 |
_aNew York _bHoughton Mifflin _c2018 |
||
| 300 |
_a1 v. (unpaged) _bcol. ill. |
||
| 700 |
_aMorrison, Frank _eillustrator |
||
| 942 | _cBK | ||
| 999 |
_c118374 _d118374 |
||